[Event "Chigorin Memorial 24th"]
[Site "St Petersburg"]
[Date "2016.10.21"]
[Round "7"]
[White "Kirianova, Evgeniia"]
[Black "Babotin, Ivan"]
[Result "1/2-1/2"]
[WhiteElo "1219"]
[BlackElo "1465"]
[PlyCount "77"]
[EventDate "2016.10.15"]
[EventType "swiss"]
[EventRounds "9"]
[EventCountry "RUS"]
[SourceTitle "CBM 175 Extra"]
[Source "ChessBase"]
[SourceDate "2016.12.12"]
[SourceVersion "1"]
[SourceVersionDate "2016.12.12"]
[SourceQuality "1"]

1. c4 e5 2. Nc3 Nf6 3. g3 d5 4. cxd5 Nxd5 5. Bg2 Nxc3 6. bxc3 Nc6 7. e3 Bd6 8. Ne2 0-0 9. h3 Bf5 10. 0-0 Bd3 11. Re1 Na5 12. f4 e4 13. Nd4 Qd7 14. Qh5 Nc4 15. Kh2 g6 16. Qh6 Rfe8 17. f5 Bf8 18. Qg5 c5 19. fxg6 hxg6 20. Ne2 Re5 21. Qg4 Qxg4 22. hxg4 Bh6 23. Nf4 Bxf4 24. gxf4 Rd5 25. a4 Kg7 26. Ba3 Rh8+ 27. Kg3 Rc8 28. Bc1 Rd6 29. Rh1 Rb6 30. Rh2 Rb3 31. g5 Rh8 32. Rxh8 Kxh8 33. Bh3 a5 34. Bd7 Kg7 35. Bb5 Nd6 36. Bxd3 exd3 37. Kf3 c4 38. Ba3 Nc8 39. Ke4 1/2-1/2